| 000 -ლიდერი |
| ფიქსირებული სიგრძის საკონტროლო ველი |
01594nam a2200265Ia 4500 |
| 001 - საკონტროლო ნომერი |
| საკონტროლო ველი |
5383 |
| 003 - საკონტროლო ნომრის იდენტიფიკატორი |
| საკონტროლო ველი |
GE_BSU |
| 005 - ბოლო ოპერაციის თარიღი და დრო |
| საკონტროლო ველი |
20190528205808.0 |
| 008 - ფიქსირებული სიგრძის მონაცემთა ელემენტები - ზოგადი ინფორმაცია |
| ფიქსირებული სიგრძის საკონტროლო ველი |
181216s1970||||ge |||||||||||||| ||geo|| |
| 040 ## - კატალოგიზაციის წყარო |
| Transcribing agency |
GE_BSU |
| 041 ## - ენის კოდი |
| Language code of text/sound track or separate title |
geo |
| 080 ## - უნივერსალური ათობითი კლასიფიკაციის ინდექსი |
| Universal Decimal Classification number |
54(038)81'374.26=161.1=353.1 ქ-52 |
| 245 ## - ცნობა სათაურის შესახებ |
| Title |
ქიმიის ტერმინოლოგია= Химическая терминология (რუსულ - ქართული) / |
| Statement of responsibility, etc |
შეადგინეს რ. ნიკოლაძემ ; და დ. გვარამაძემ ; რ. ნიკოლაძის და რ. ღამბაშიძის რედაქციით ; მხატვ. გ. ნადირაძე. |
| 264 ## - წარმოების, გამოცემის, დისტრიბუციის და სხვა ცნობები |
| გამოცემის, წარმოების, დისტრიბუციის... ადგილი |
თბილისი : |
| გამოცემის, წარმოების, დისტრიბუციის... სახელწოდება |
მეცნიერება, |
| გამოცემის, წარმოების, დისტრიბუციის... თარიღი |
1970. |
| 300 ## - ფიზიკური აღწერა |
| Extent |
220 გვ .: |
| Dimensions |
20 სმ. |
| 546 ## - LANGUAGE NOTE |
| Language note |
პარალ. თავფურც. რუს. ენაზე |
| 653 ## - INDEX TERM--UNCONTROLLED |
| Uncontrolled term |
ქიმიის ტერმინოლოგია |
| 700 ## - ADDED ENTRY--PERSONAL NAME |
| Personal name |
ნიკოლაძემ, ნ |
| Relator term |
შემდგენელი |
| 9 (RLIN) |
1790 |
| 700 ## - ADDED ENTRY--PERSONAL NAME |
| Personal name |
გვარამაძე, დ |
| Relator term |
შემდგენელი |
| 9 (RLIN) |
1766 |
| 700 ## - ADDED ENTRY--PERSONAL NAME |
| Personal name |
ნიკოლაძე, რ |
| Relator term |
რედაქციით |
| 9 (RLIN) |
1767 |
| 700 ## - ADDED ENTRY--PERSONAL NAME |
| Personal name |
ღამბაშიძე, რ |
| Relator term |
რედაქციით |
| 9 (RLIN) |
1113 |
| 700 ## - ADDED ENTRY--PERSONAL NAME |
| Personal name |
ნადირაძე, გ |
| Relator term |
მხატვარი |
| 9 (RLIN) |
1791 |
| 710 ## - ADDED ENTRY--CORPORATE NAME |
| Relator term |
საქ. სსრ მეცნ. აკად., ენათმეცნ. ინ-ტი, საქ. პოლიტექნიკური ინ-ტი |
| 9 (RLIN) |
1792 |
| 942 ## - ADDED ENTRY ELEMENTS (KOHA) |
| Koha item type |
წიგნი |
| Source of classification or shelving scheme |
|